000 01287nam a2200313 i 4500
001 13899
003 ES-MaACL
005 20250901041010.0
007 t|
008 980805s1992 sp |||| | spa d
020 _a84-86908-81-7
080 _a128
080 _a159.942
100 1 _aVives, Juan Luis,
_d1492-1540
_9115574
245 1 0 _aDe anima et vita
_b= El alma y la vida /
_cJuan Luis Vives ; [introducción, traducción y notas, Ismael Roca].
260 _aValencia :
_bAjuntament de Valencia,
_c1992.
300 _a382, [9] p. ;
_c23 cm.
490 1 _aColección J.L. Vives ;
_v1A
500 _aAcompaña a: Juan Luis Vives y las emociones / Carlos G. Noreña. Valencia : Ajuntament, 1992 (Colección J.L. Vives; 1B). Signatura en Biblioteca del Ateneo: L-21306.
500 _aAcompaña a: Ioannis Lodovici Vivis Valentini, De anima et vita / Juan Luis Vives. Valencia : Ajuntament, 1992. Signatura en Biblioteca del Ateneo: L-21310.
650 1 4 _aAlma.
_99739
650 7 _aEmociones y sentimientos
_2embne
_912196
700 1 _aRoca Meliá, Ismael.
_998003
710 1 _aValencia.
_bAyuntamiento.
_97531
740 3 2 _aEl alma y la vida.
830 0 _aColección J.L. Vives ;
_v1A
_9179554
852 _aES-MaACL
_jL-21305
999 _c13899
_d13899